[Event "Mindsports Blitz 4th"]
[Site "London"]
[Date "2024.07.23"]
[Round "5.6"]
[White "Konyakhin-Borrelly, Gregory Jacques"]
[Black "Patel, Zain"]
[Result "0-1"]
[WhiteElo "1929"]
[BlackElo "2063"]
[PlyCount "112"]
[EventDate "2024.07.23"]
[EventType "swiss (blitz)"]
[EventRounds "14"]
[EventCountry "ENG"]
[SourceTitle "BritBase"]
[Source "John Saunders"]
[SourceDate "2024.08.27"]
[SourceVersion "1"]
[SourceVersionDate "2024.08.27"]
[SourceQuality "1"]

1. d4 Nf6 2. Nf3 e6 3. e3 Be7 4. Bd3 O-O 5. Nbd2 b6 6. b3 Bb7 7. Bb2 d6 8. O-O Nbd7 9. a3 Re8 10. c4 Bf8 11. e4 d5 12. e5 Ne4 13. Qe2 Nxd2 14. Nxd2 Be7 15. f4 c5 16. Rad1 cxd4 17. Nf3 dxc4 18. Bxc4 Bc5 19. Nxd4 Qe7 20. b4 Bxd4+ 21. Bxd4 Nf8 22. Bf2 Rac8 23. Ba6 Bxa6 24. Qxa6 Rc2 25. Qa4 Rec8 26. Qb5 Qb7 27. Rfe1 a6 28. Qxb6 Qa8 29. Qd4 Ng6 30. Rd2 Rc1 31. g3 Ne7 32. Rdd1 R1c2 33. Rd2 R2c4 34. Qd3 Nd5 35. Bd4 a5 36. Bc5 Rc3 37. Qe2 axb4 38. axb4 Ra3 39. Red1 Nc3 40. Qg2 Qxg2+ 41. Kxg2 Nxd1 42. Rxd1 h6 43. h4 Rb3 44. Rd7 Ra8 45. Rd4 Raa3 46. Rd8+ Kh7 47. Rf8 Rxg3+ 48. Kf2 Rgf3+ 49. Ke2 Rxf4 50. b5 Re4+ 51. Kd2 Rb3 52. b6 Rxe5 53. Bd4 Rd5 54. Rxf7 Rxd4+ 55. Kc2 Rxb6 56. Kc3 Rbd6 0-1

[Event "Mindsports Blitz 4th"]
[Site "London"]
[Date "2024.07.23"]
[Round "5.7"]
[White "Vashisht-Pigem, Raman"]
[Black "Fellowes, Billy"]
[Result "0-1"]
[WhiteElo "1878"]
[BlackElo "1988"]
[PlyCount "89"]
[EventDate "2024.07.23"]
[EventType "swiss (blitz)"]
[EventRounds "14"]
[EventCountry "ENG"]
[SourceTitle "BritBase"]
[Source "John Saunders"]
[SourceDate "2024.08.27"]
[SourceVersion "1"]
[SourceVersionDate "2024.08.27"]
[SourceQuality "1"]

1. e4 Nc6 2. Nf3 d6 3. d4 Nf6 4. Nc3 g6 5. Be2 Bg7 6. O-O O-O 7. h3 e5 8. Be3 exd4 9. Nxd4 Re8 10. Nxc6 bxc6 11. Bf3 Bb7 12. Qd2 Nd7 13. Bg5 Qb8 14. Bh6 Ba6 15. Rfe1 Ne5 16. Be2 Bxe2 17. Bxg7 Kxg7 18. Nxe2 Qxb2 19. Reb1 Qa3 20. Rb3 Qa4 21. Nc3 Qc4 22. Rab1 a5 23. Rb7 Re7 24. a3 Qc5 25. R1b3 Nc4 26. Qd3 Nb6 27. Ne2 Qe5 28. Qd4 Qxd4 29. Nxd4 Rxe4 30. Nxc6 Nd5 31. R3b5 Nc3 32. Rxa5 Ne2+ 33. Kh2 Rxa5 34. Nxa5 c5 35. Nb3 Rc4 36. Rd7 Rxc2 37. Rxd6 Rc3 38. Rb6 c4 39. Na5 Rc1 40. Rc6 c3 41. Nb3 Rb1 42. Na5 Rb2 43. f3 Ra2 44. Nb7 c2 45. Rc7 0-1

[Event "Mindsports Blitz 4th"]
[Site "London"]
[Date "2024.07.23"]
[Round "5.9"]
[White "Dignam, Matthew"]
[Black "Lushkin, Sergei"]
[Result "1-0"]
[WhiteElo "2052"]
[BlackElo "1760"]
[PlyCount "73"]
[EventDate "2024.07.23"]
[EventType "swiss (blitz)"]
[EventRounds "14"]
[EventCountry "ENG"]
[SourceTitle "BritBase"]
[Source "John Saunders"]
[SourceDate "2024.08.27"]
[SourceVersion "1"]
[SourceVersionDate "2024.08.27"]
[SourceQuality "1"]

1. e4 e6 2. d4 d5 3. e5 c5 4. c3 Nc6 5. Nf3 Bd7 6. Be2 Rc8 7. a3 cxd4 8. cxd4 Nh6 9. b4 Nf5 10. Bb2 a6 11. O-O Be7 12. Nc3 f6 13. Bd3 Nh6 14. Re1 O-O 15. Qd2 fxe5 16. Nxe5 Nxe5 17. Rxe5 Bf6 18. Rh5 Be8 19. Rh3 Bg5 20. Qe2 Qf6 21. Rf3 Nf5 22. Nxd5 exd5 23. Rxf5 Qd6 24. Rxg5 Bd7 25. Qe5 Qxe5 26. dxe5 Be6 27. Rc1 Rxc1+ 28. Bxc1 Rc8 29. Be3 Rc3 30. Bf5 Bf7 31. e6 Be8 32. h4 g6 33. Bh3 Bc6 34. h5 d4 35. Bxd4 Rd3 36. Be5 Rd1+ 37. Kh2 1-0

[Event "Mindsports Blitz 4th"]
[Site "London"]
[Date "2024.07.23"]
[Round "5.10"]
[White "Imam-Sadeque, Ali"]
[Black "Chakanyuka, Charles"]
[Result "1-0"]
[WhiteElo "1759"]
[BlackElo "1978"]
[PlyCount "71"]
[EventDate "2024.07.23"]
[EventType "swiss (blitz)"]
[EventRounds "14"]
[EventCountry "ENG"]
[SourceTitle "BritBase"]
[Source "John Saunders"]
[SourceDate "2024.08.27"]
[SourceVersion "1"]
[SourceVersionDate "2024.08.27"]
[SourceQuality "1"]

1. d4 g6 2. Nc3 d6 3. Bf4 Bg7 4. e3 Nf6 5. h4 h5 6. Bd3 Nc6 7. Nf3 Bg4 8. Qd2 a6 9. O-O-O b5 10. Ne4 Nxe4 11. Bxe4 d5 12. Bd3 e6 13. Rde1 O-O 14. Ne5 Nxe5 15. Bxe5 Rc8 16. f3 Bf5 17. Reg1 c5 18. Bxf5 exf5 19. g4 fxg4 20. fxg4 cxd4 21. Bxg7 Kxg7 22. Qxd4+ Qf6 23. gxh5 Qxd4 24. exd4 Rc4 25. hxg6 fxg6 26. h5 Rf6 27. hxg6 Rxg6 28. Rxg6+ Kxg6 29. c3 b4 30. Kc2 bxc3 31. bxc3 Ra4 32. Kb3 Ra5 33. Re1 Kf6 34. Re5 Kf7 35. a4 Kf6 36. Kb4 1-0

[Event "Mindsports Blitz 4th"]
[Site "London"]
[Date "2024.07.23"]
[Round "6.1"]
[White "Gasanov, Eldar"]
[Black "Finn, Peter"]
[Result "1-0"]
[WhiteElo "2474"]
[BlackElo "1980"]
[PlyCount "71"]
[EventDate "2024.07.23"]
[EventType "swiss (blitz)"]
[EventRounds "14"]
[EventCountry "ENG"]
[SourceTitle "BritBase"]
[Source "John Saunders"]
[SourceDate "2024.08.27"]
[SourceVersion "1"]
[SourceVersionDate "2024.08.27"]
[SourceQuality "1"]

1. d4 Nf6 2. c4 e6 3. Bg5 d5 4. e3 c6 5. Nc3 Bd6 6. Nf3 Nbd7 7. Qc2 h6 8. Bh4 O-O 9. Rd1 b6 10. cxd5 exd5 11. Bd3 Bb7 12. O-O b5 13. Bh7+ Kh8 14. Bf5 Qb6 15. Rfe1 g6 16. Bh3 g5 17. Bxd7 Nxd7 18. Bg3 Bxg3 19. hxg3 b4 20. Na4 Qa5 21. Qf5 Rad8 22. b3 Qc7 23. Rc1 Qd6 24. Nc5 Nxc5 25. Rxc5 Rde8 26. Ne5 Kg7 27. Nd3 Re4 28. Qf3 Bc8 29. Qe2 f5 30. Nxb4 Bd7 31. Qa6 f4 32. Rxd5 fxg3 33. Rxd6 gxf2+ 34. Kf1 Rh4 35. Rxd7+ Kh8 36. Ke2 1-0

[Event "Mindsports Blitz 4th"]
[Site "London"]
[Date "2024.07.23"]
[Round "6.2"]
[White "Keohane, Ben"]
[Black "Senlle Caride, Miguel"]
[Result "0-1"]
[WhiteElo "1919"]
[BlackElo "2339"]
[PlyCount "40"]
[EventDate "2024.07.23"]
[EventType "swiss (blitz)"]
[EventRounds "14"]
[EventCountry "ENG"]
[SourceTitle "BritBase"]
[Source "John Saunders"]
[SourceDate "2024.08.27"]
[SourceVersion "1"]
[SourceVersionDate "2024.08.27"]
[SourceQuality "1"]

1. b3 Nf6 2. Bb2 g6 3. Nc3 Bg7 4. e3 c5 5. Nge2 Nc6 6. g3 d5 7. Bg2 O-O 8. O-O d4 9. Nb5 e5 10. f4 a6 11. Na3 e4 12. exd4 cxd4 13. c3 d3 14. Nc1 b5 15. h3 Re8 16. Qe1 Bb7 17. b4 Nd5 18. Nb3 Ncxb4 19. Nc5 Qb6 20. cxb4 Bxb2 0-1

[Event "Mindsports Blitz 4th"]
[Site "London"]
[Date "2024.07.23"]
[Round "6.3"]
[White "Dias, Savin"]
[Black "Cancedda-Dupuis, Livio"]
[Result "0-1"]
[WhiteElo "1872"]
[BlackElo "2000"]
[PlyCount "92"]
[EventDate "2024.07.23"]
[EventType "swiss (blitz)"]
[EventRounds "14"]
[EventCountry "ENG"]
[SourceTitle "BritBase"]
[Source "John Saunders"]
[SourceDate "2024.08.27"]
[SourceVersion "1"]
[SourceVersionDate "2024.08.27"]
[SourceQuality "1"]

1. e4 c5 2. Nf3 a6 3. c3 e6 4. d4 d5 5. e5 Nc6 6. Be3 cxd4 7. cxd4 Qb6 8. Qd2 Bd7 9. Nc3 Nge7 10. Bd3 Na5 11. O-O Rc8 12. b3 Ng6 13. h4 Bb4 14. Rac1 O-O 15. h5 Ne7 16. Bg5 Rfe8 17. h6 g6 18. Bf6 Nf5 19. Bxf5 exf5 20. Qe3 Be6 21. Ne2 Bf8 22. Bg5 Nc6 23. Nh2 Nb4 24. a3 Nc2 25. Qd2 Nxa3 26. g4 Qxb3 27. Nf4 Rc2 28. Rxc2 Qxc2 29. Qa5 Nc4 30. Qa1 Nd2 31. Rc1 Qe4 32. Nxe6 fxe6 33. Rc7 Nf3+ 34. Nxf3 Qxg4+ 35. Kf1 Qxf3 36. Qa4 b5 37. Qxa6 Qd1+ 38. Kg2 Qg4+ 39. Kf1 Qxg5 40. Qa7 Qxh6 41. Qb7 b4 42. Rd7 g5 43. Rf7 Qg6 44. Rc7 g4 45. Qb5 h5 46. Rc2 h4 0-1

[Event "Mindsports Blitz 4th"]
[Site "London"]
[Date "2024.07.23"]
[Round "6.4"]
[White "Johnson, Daniel"]
[Black "Badacsonyi, Stanley"]
[Result "1-0"]
[WhiteElo "2271"]
[BlackElo "2306"]
[PlyCount "99"]
[EventDate "2024.07.23"]
[EventType "swiss (blitz)"]
[EventRounds "14"]
[EventCountry "ENG"]
[SourceTitle "BritBase"]
[Source "John Saunders"]
[SourceDate "2024.08.27"]
[SourceVersion "1"]
[SourceVersionDate "2024.08.27"]
[SourceQuality "1"]

1. d4 Nf6 2. Nc3 d5 3. Bf4 e6 4. Nb5 Na6 5. e3 Be7 6. Nf3 O-O 7. Be2 c6 8. Nc3 Qb6 9. a3 Bd7 10. Rb1 c5 11. Ne5 Be8 12. O-O Rc8 13. Bd3 Nb8 14. Bg3 cxd4 15. exd4 Nc6 16. Ne2 Nh5 17. Nxc6 bxc6 18. b4 Nxg3 19. hxg3 a5 20. c3 axb4 21. cxb4 Ra8 22. Qb3 f6 23. a4 Bf7 24. a5 Qb7 25. Rfc1 Rfb8 26. a6 Qb6 27. Qa4 Be8 28. Qc2 g6 29. Nf4 e5 30. Ne6 e4 31. Bf1 Bd7 32. Nc5 Bf5 33. Rb2 Bd6 34. Qe2 Bxc5 35. Rxc5 Bd7 36. Qd2 Kg7 37. Qf4 Ra7 38. Qd6 Be8 39. Qf4 Rba8 40. Qd6 Rxa6 41. Bxa6 Qxa6 42. Rbc2 Qb7 43. b5 Ra1+ 44. Kh2 h5 45. bxc6 Qb1 46. Rc1 Qxc1 47. Rxc1 Rxc1 48. Qe7+ Bf7 49. c7 g5 50. Qd7 1-0

[Event "Mindsports Blitz 4th"]
[Site "London"]
[Date "2024.07.23"]
[Round "6.5"]
[White "Clarke, Connor"]
[Black "Alizada, Eldar"]
[Result "1-0"]
[WhiteElo "2116"]
[BlackElo "1929"]
[PlyCount "87"]
[EventDate "2024.07.23"]
[EventType "swiss (blitz)"]
[EventRounds "14"]
[EventCountry "ENG"]
[SourceTitle "BritBase"]
[Source "John Saunders"]
[SourceDate "2024.08.27"]
[SourceVersion "1"]
[SourceVersionDate "2024.08.27"]
[SourceQuality "1"]

1. d4 d5 2. Nc3 Nf6 3. Bf4 e6 4. Nb5 Na6 5. e3 c6 6. Nc3 Nb8 7. Bd3 Bd6 8. Nf3 O-O 9. Ne5 Nbd7 10. Nxf7 Rxf7 11. Bxd6 Nb6 12. Bg3 Nc4 13. Bxc4 dxc4 14. a4 Nd5 15. Ne4 Ne7 16. O-O Nf5 17. Be5 Qh4 18. Ng3 Nxg3 19. Bxg3 Qg5 20. Qe2 b5 21. f4 Qg6 22. e4 Bb7 23. c3 a6 24. Qe3 c5 25. axb5 axb5 26. Rxa8+ Bxa8 27. dxc5 Qxe4 28. Qd2 Rd7 29. Qf2 Rd3 30. Re1 Qd5 31. Qe2 Re3 32. Qc2 Rxe1+ 33. Bxe1 Qxc5+ 34. Bf2 Qd5 35. Bd4 b4 36. Qe2 b3 37. Qg4 g6 38. h4 Qe4 39. h5 Kf7 40. Qg5 Qb1+ 41. Kh2 Qxb2 42. Qf6+ Ke8 43. Qxe6+ Kd8 44. Bb6# 1-0

[Event "Mindsports Blitz 4th"]
[Site "London"]
[Date "2024.07.23"]
[Round "6.6"]
[White "Patel, Zain"]
[Black "Konyakhin-Borrelly, Gregory Jacques"]
[Result "1-0"]
[WhiteElo "2063"]
[BlackElo "1929"]
[PlyCount "69"]
[EventDate "2024.07.23"]
[EventType "swiss (blitz)"]
[EventRounds "14"]
[EventCountry "ENG"]
[SourceTitle "BritBase"]
[Source "John Saunders"]
[SourceDate "2024.08.27"]
[SourceVersion "1"]
[SourceVersionDate "2024.08.27"]
[SourceQuality "1"]

1. d4 d5 2. Nf3 Nf6 3. e3 c6 4. Bd3 e6 5. O-O Bd6 6. b3 Nbd7 7. Bb2 b6 8. Nbd2 Bb7 9. Qe2 O-O 10. e4 dxe4 11. Nxe4 Nxe4 12. Bxe4 Nf6 13. Bd3 Qc7 14. c4 Rfe8 15. Rae1 Rad8 16. Ne5 Qe7 17. f4 Ba3 18. Rf3 Bxb2 19. Qxb2 c5 20. d5 exd5 21. cxd5 Bxd5 22. Rh3 Qc7 23. Qf2 Re6 24. Qh4 g6 25. Rf1 Qe7 26. Ng4 Nh5 27. Qf2 Be4 28. Bc4 Bd5 29. f5 Re4 30. fxg6 fxg6 31. Bxd5+ Rxd5 32. Rxh5 Rxh5 33. Nf6+ Kg7 34. Nxe4 Qxe4 35. Qf8# 1-0

[Event "Mindsports Blitz 4th"]
[Site "London"]
[Date "2024.07.23"]
[Round "6.7"]
[White "Fellowes, Billy"]
[Black "Vashisht-Pigem, Raman"]
[Result "1-0"]
[WhiteElo "1988"]
[BlackElo "1878"]
[PlyCount "84"]
[EventDate "2024.07.23"]
[EventType "swiss (blitz)"]
[EventRounds "14"]
[EventCountry "ENG"]
[SourceTitle "BritBase"]
[Source "John Saunders"]
[SourceDate "2024.08.27"]
[SourceVersion "1"]
[SourceVersionDate "2024.08.27"]
[SourceQuality "1"]

1. e4 e5 2. Nc3 Nf6 3. Nf3 Nc6 4. Bc4 Bc5 5. d3 h6 6. O-O O-O 7. h3 d6 8. Be3 Bb6 9. Qd2 Be6 10. Bb3 d5 11. exd5 Nxd5 12. Nxd5 Bxd5 13. Bxd5 Qxd5 14. Rfe1 Rad8 15. Bxb6 axb6 16. Qc3 Rfe8 17. a3 e4 18. dxe4 Rxe4 19. Rxe4 Qxe4 20. Re1 Qd5 21. Re3 Qd1+ 22. Kh2 Qd6+ 23. Kg1 Qd1+ 24. Re1 Qd5 25. Qe3 Nd4 26. Nxd4 Qxd4 27. Qxd4 Rxd4 28. Re8+ Kh7 29. Re7 Rd1+ 30. Kh2 Rd2 31. Rxc7 Rxf2 32. Kg3 Rd2 33. b4 Kg6 34. Rxb7 Rxc2 35. Rxb6+ f6 36. a4 Rc3+ 37. Kh2 Kf5 38. a5 Rc8 39. a6 Ra8 40. b5 Ke5 41. Rb7 g5 42. a7 Kd5 1-0

[Event "Mindsports Blitz 4th"]
[Site "London"]
[Date "2024.07.23"]
[Round "6.8"]
[White "Clery, Liam"]
[Black "Andal, Edmond"]
[Result "1-0"]
[WhiteElo "1877"]
[BlackElo "2145"]
[PlyCount "129"]
[EventDate "2024.07.23"]
[EventType "swiss (blitz)"]
[EventRounds "14"]
[EventCountry "ENG"]
[SourceTitle "BritBase"]
[Source "John Saunders"]
[SourceDate "2024.08.27"]
[SourceVersion "1"]
[SourceVersionDate "2024.08.27"]
[SourceQuality "1"]

1. Nf3 d5 2. b3 Nf6 3. Bb2 e6 4. e3 c5 5. d4 Nc6 6. Bd3 cxd4 7. exd4 Bd6 8. O-O O-O 9. Nbd2 Qc7 10. a3 e5 11. dxe5 Nxe5 12. Nxe5 Bxe5 13. Bxe5 Qxe5 14. Re1 Qc7 15. h3 Bd7 16. Nf3 Rfe8 17. Qd2 Ne4 18. Qb4 Bc6 19. Qd4 a6 20. Rad1 Rad8 21. Re2 Nf6 22. Rde1 Rxe2 23. Rxe2 Qd6 24. a4 Re8 25. Rxe8+ Nxe8 26. Qh4 Nf6 27. Qd4 Ne8 28. Qb6 Qc7 29. Qe3 Nf6 30. Nd4 Kf8 31. Qg5 h6 32. Qe3 Bd7 33. Nf3 Qd6 34. Qd4 b5 35. a5 Qc7 36. b4 Be6 37. Ne5 Nd7 38. Nf3 Nf6 39. Qe3 Ke7 40. Qd4 Kd8 41. Ne5 Qd6 42. Qf4 Qc7 43. Qd4 Qd6 44. h4 Nd7 45. Nxd7 Bxd7 46. Qxg7 Qf4 47. Qg8+ Kc7 48. Qg3 Qxg3 49. fxg3 Kd6 50. Kf2 Ke5 51. Ke3 d4+ 52. Kf2 Bc6 53. g4 Kf4 54. Bf5 h5 55. g3+ Ke5 56. Bc8 hxg4 57. Bxa6 f5 58. Bc8 Ba8 59. h5 f4 60. Bxg4 fxg3+ 61. Kxg3 Be4 62. Bf3 Bxc2 63. a6 d3 64. a7 d2 65. a8=Q 1-0

[Event "Mindsports Blitz 4th"]
[Site "London"]
[Date "2024.07.23"]
[Round "6.9"]
[White "Lushkin, Sergei"]
[Black "Dignam, Matthew"]
[Result "0-1"]
[WhiteElo "1760"]
[BlackElo "2052"]
[PlyCount "52"]
[EventDate "2024.07.23"]
[EventType "swiss (blitz)"]
[EventRounds "14"]
[EventCountry "ENG"]
[SourceTitle "BritBase"]
[Source "John Saunders"]
[SourceDate "2024.08.27"]
[SourceVersion "1"]
[SourceVersionDate "2024.08.27"]
[SourceQuality "1"]

1. e4 d6 2. d4 Nf6 3. Nc3 c6 4. g3 g6 5. Bg2 Bg7 6. Nge2 O-O 7. O-O Nbd7 8. h3 Qc7 9. Be3 Nb6 10. b3 Re8 11. a4 a5 12. f4 e5 13. dxe5 dxe5 14. f5 gxf5 15. exf5 Nbd5 16. Nxd5 cxd5 17. Qd2 e4 18. Nd4 Qxg3 19. Bf4 Qh4 20. Rae1 Nh5 21. Bg5 Bxd4+ 22. Kh1 Ng3+ 23. Kh2 Nxf1+ 24. Rxf1 Be5+ 25. Kg1 Qg3 26. Rf2 d4 0-1

[Event "Mindsports Blitz 4th"]
[Site "London"]
[Date "2024.07.23"]
[Round "6.10"]
[White "Chakanyuka, Charles"]
[Black "Imam-Sadeque, Ali"]
[Result "1-0"]
[WhiteElo "1978"]
[BlackElo "1759"]
[PlyCount "105"]
[EventDate "2024.07.23"]
[EventType "swiss (blitz)"]
[EventRounds "14"]
[EventCountry "ENG"]
[SourceTitle "BritBase"]
[Source "John Saunders"]
[SourceDate "2024.08.27"]
[SourceVersion "1"]
[SourceVersionDate "2024.08.27"]
[SourceQuality "1"]

1. e4 e6 2. d4 d5 3. e5 c5 4. c3 Nc6 5. a3 Qb6 6. Nf3 c4 7. Nbd2 Na5 8. g3 Bd7 9. Bg2 Ne7 10. O-O Nc8 11. h3 Be7 12. Nh2 O-O 13. Ng4 f6 14. exf6 Bxf6 15. Nxf6+ Rxf6 16. Nf3 Nb3 17. Rb1 Nxc1 18. Qxc1 Ne7 19. Ne5 Qd6 20. b4 Ng6 21. f4 Rff8 22. Qe3 Nxe5 23. fxe5 Qe7 24. h4 Rxf1+ 25. Rxf1 Rf8 26. Qe2 Be8 27. Bh3 Bg6 28. Rxf8+ Kxf8 29. Qf1+ Ke8 30. Qf4 Kd7 31. Qf3 Kc7 32. Qd1 Bd3 33. Qa4 a6 34. Qa5+ Kb8 35. Qb6 Bf5 36. Bxf5 exf5 37. Kf2 g6 38. Kf3 Qd7 39. Kf4 Kc8 40. e6 Qc7+ 41. Qxc7+ Kxc7 42. Ke5 Kd8 43. Kxd5 Ke7 44. Ke5 b6 45. d5 h6 46. h5 f4 47. d6+ Kf8 48. Kxf4 g5+ 49. Kf5 Ke8 50. Kf6 Kd8 51. e7+ Ke8 52. Ke6 b5 53. d7# 1-0

[Event "Mindsports Blitz 4th"]
[Site "London"]
[Date "2024.07.23"]
[Round "7.1"]
[White "Gasanov, Eldar"]
[Black "Senlle Caride, Miguel"]
[Result "1/2-1/2"]
[WhiteElo "2474"]
[BlackElo "2339"]
[PlyCount "118"]
[EventDate "2024.07.23"]
[EventType "swiss (blitz)"]
[EventRounds "14"]
[EventCountry "ENG"]
[SourceTitle "BritBase"]
[Source "John Saunders"]
[SourceDate "2024.08.27"]
[SourceVersion "1"]
[SourceVersionDate "2024.08.27"]
[SourceQuality "1"]

1. e4 c5 2. Nc3 Nc6 3. Bb5 Nd4 4. Nf3 a6 5. Bd3 Nc6 6. O-O d6 7. h3 g6 8. Re1 Bg7 9. Nd5 e6 10. Ne3 Nge7 11. c3 O-O 12. Bc2 d5 13. d3 d4 14. cxd4 Nxd4 15. Nxd4 Bxd4 16. Ng4 Bg7 17. Bh6 e5 18. Bxg7 Bxg4 19. hxg4 Kxg7 20. Qd2 Nc6 21. Bb3 Nd4 22. Bd5 Qd7 23. f3 Rac8 24. Rac1 b6 25. Qe3 a5 26. Kf2 h6 27. Rh1 Rh8 28. Rh2 Qe7 29. Rch1 g5 30. Rc1 Qf6 31. Rch1 Qf4 32. Qxf4 exf4 33. g3 fxg3+ 34. Kxg3 Rce8 35. f4 f6 36. fxg5 hxg5 37. Rxh8 Rxh8 38. Re1 Re8 39. Kg2 Nc2 40. Re2 Nb4 41. Bc4 Rd8 42. Re3 Nc2 43. Re2 b5 44. Rxc2 bxc4 45. dxc4 Rd3 46. Kf2 Kf7 47. Re2 Ke6 48. Re3 Rd2+ 49. Re2 Rd1 50. Re3 Ke5 51. Rf3 Rd2+ 52. Ke3 Rxb2 53. Rf5+ Ke6 54. Rxc5 Rxa2 55. Rc6+ Ke5 56. Rc5+ Ke6 57. Rc6+ Ke5 58. Rc5+ Ke6 59. Rc6+ Ke5 1/2-1/2

[Event "Mindsports Blitz 4th"]
[Site "London"]
[Date "2024.07.23"]
[Round "7.2"]
[White "Patel, Zain"]
[Black "Cancedda-Dupuis, Livio"]
[Result "0-1"]
[WhiteElo "2063"]
[BlackElo "2000"]
[PlyCount "112"]
[EventDate "2024.07.23"]
[EventType "swiss (blitz)"]
[EventRounds "14"]
[EventCountry "ENG"]
[SourceTitle "BritBase"]
[Source "John Saunders"]
[SourceDate "2024.08.27"]
[SourceVersion "1"]
[SourceVersionDate "2024.08.27"]
[SourceQuality "1"]

1. Nf3 Nf6 2. g3 e6 3. Bg2 c5 4. O-O Nc6 5. d4 cxd4 6. Nxd4 Bc5 7. Nb3 Bb6 8. Nc3 d5 9. Bg5 O-O 10. e3 h6 11. Bxf6 Qxf6 12. Qd2 Rd8 13. Rad1 Bd7 14. Ne2 Qxb2 15. a4 Rac8 16. a5 Nxa5 17. Nxa5 Rxc2 18. Nc4 Rxd2 19. Nxb2 Rxb2 20. Nc3 Rc2 21. Rc1 Rxc1 22. Rxc1 Rc8 23. e4 dxe4 24. Bxe4 Bd4 25. Ne2 Rxc1+ 26. Nxc1 b5 27. Nb3 Bb6 28. Kf1 a5 29. Ke2 a4 30. Nc1 b4 31. Kd3 Bb5+ 32. Kc2 Bxf2 33. Kb2 Bd4+ 34. Ka2 Bc4+ 35. Kb1 b3 36. Bd3 a3 37. Bxc4 a2+ 38. Nxa2 bxa2+ 39. Kxa2 Kf8 40. Kb3 Ke7 41. Kc2 Kd6 42. Kd3 Ke5 43. Bb5 f5 44. Ke2 g5 45. h3 Bc5 46. Bd7 Kf6 47. Bc8 e5 48. g4 fxg4 49. hxg4 e4 50. Bf5 Ke5 51. Kd2 h5 52. Bc8 h4 53. Ke2 Kf4 54. Bf5 h3 55. Kf1 Kf3 56. Bxe4+ Kxe4 0-1

[Event "Mindsports Blitz 4th"]
[Site "London"]
[Date "2024.07.23"]
[Round "7.3"]
[White "Fellowes, Billy"]
[Black "Clarke, Connor"]
[Result "1-0"]
[WhiteElo "1988"]
[BlackElo "2116"]
[PlyCount "95"]
[EventDate "2024.07.23"]
[EventType "swiss (blitz)"]
[EventRounds "14"]
[EventCountry "ENG"]
[SourceTitle "BritBase"]
[Source "John Saunders"]
[SourceDate "2024.08.27"]
[SourceVersion "1"]
[SourceVersionDate "2024.08.27"]
[SourceQuality "1"]

1. Nf3 d5 2. d4 Nf6 3. Bf4 e6 4. e3 Bd6 5. Bg3 b6 6. Bd3 Bb7 7. c3 Ne4 8. Nbd2 Nd7 9. Bxd6 cxd6 10. O-O O-O 11. c4 Nxd2 12. Nxd2 dxc4 13. Nxc4 Qg5 14. g3 Qd5 15. f3 Qg5 16. Qe2 d5 17. Nd6 Bc6 18. Rac1 Ba4 19. b3 Qe7 20. Nb7 Nf6 21. Na5 bxa5 22. bxa4 e5 23. Rc5 Rfe8 24. Qf2 exd4 25. exd4 Qe3 26. Bb5 Re7 27. Rfc1 g6 28. Qxe3 Rxe3 29. Rc8+ Rxc8 30. Rxc8+ Kg7 31. Kf2 Re7 32. Rc5 Rb7 33. Rc6 Rb6 34. Ke3 g5 35. Rxb6 axb6 36. Bc6 Kf8 37. f4 h6 38. fxg5 hxg5 39. h4 gxh4 40. gxh4 Ke7 41. Kf4 Kd6 42. Bb5 Ke6 43. Bd3 Ng8 44. Kg5 Nf6 45. h5 Ng8 46. h6 f6+ 47. Kg6 Nxh6 48. Kxh6 1-0

[Event "Mindsports Blitz 4th"]
[Site "London"]
[Date "2024.07.23"]
[Round "7.5"]
[White "Pollack, Oscar"]
[Black "Badacsonyi, Stanley"]
[Result "0-1"]
[WhiteElo "1958"]
[BlackElo "2306"]
[PlyCount "92"]
[EventDate "2024.07.23"]
[EventType "swiss (blitz)"]
[EventRounds "14"]
[EventCountry "ENG"]
[SourceTitle "BritBase"]
[Source "John Saunders"]
[SourceDate "2024.08.27"]
[SourceVersion "1"]
[SourceVersionDate "2024.08.27"]
[SourceQuality "1"]

1. e4 e6 2. d4 d5 3. e5 c5 4. c3 Nc6 5. Nf3 Bd7 6. Bd3 cxd4 7. O-O Rc8 8. a3 dxc3 9. Nxc3 a6 10. Be3 Na5 11. Na4 Nc4 12. Bxc4 Rxc4 13. Nb6 Rc6 14. Qb3 Bc5 15. Bxc5 Rxc5 16. Nxd7 Qxd7 17. Rac1 Rxc1 18. Rxc1 Ne7 19. Qb6 O-O 20. Rc7 Rc8 21. Rxc8+ Qxc8 22. g3 h6 23. Qd6 Nf5 24. Qb4 Qc1+ 25. Kg2 Qc2 26. Qb6 Kh7 27. h4 Qc6 28. Qxc6 bxc6 29. g4 Ne7 30. Nd4 c5 31. Nb3 c4 32. Nc5 a5 33. f4 Nc6 34. Kf2 g5 35. hxg5 hxg5 36. Ke3 gxf4+ 37. Kxf4 Kg6 38. Nb7 f6 39. exf6 e5+ 40. Ke3 Kxf6 41. Nc5 Kg5 42. Ne6+ Kxg4 43. Nc7 Ne7 44. a4 d4+ 45. Ke4 d3 46. Ne6 d2 0-1

[Event "Mindsports Blitz 4th"]
[Site "London"]
[Date "2024.07.23"]
[Round "7.6"]
[White "Keohane, Ben"]
[Black "Finn, Peter"]
[Result "0-1"]
[WhiteElo "1919"]
[BlackElo "1980"]
[PlyCount "81"]
[EventDate "2024.07.23"]
[EventType "swiss (blitz)"]
[EventRounds "14"]
[EventCountry "ENG"]
[SourceTitle "BritBase"]
[Source "John Saunders"]
[SourceDate "2024.08.27"]
[SourceVersion "1"]
[SourceVersionDate "2024.08.27"]
[SourceQuality "1"]

1. Nf3 d5 2. b3 Nf6 3. Bb2 Bf5 4. d3 e6 5. Nbd2 h6 6. h3 Be7 7. g4 Bh7 8. Bg2 Nbd7 9. e3 c5 10. Qe2 a5 11. a4 Qb6 12. Rg1 g5 13. Bh1 Rg8 14. Ne5 Nxe5 15. Bxe5 Nd7 16. Bb2 Bf6 17. Bxf6 Nxf6 18. Qf3 Nd7 19. Qg3 Rc8 20. h4 Qc7 21. f4 gxf4 22. exf4 e5 23. O-O-O exf4 24. Rde1+ Kf8 25. Qf3 Nb6 26. g5 hxg5 27. hxg5 c4 28. dxc4 dxc4 29. Qxb7 Qxb7 30. Bxb7 Rc7 31. Be4 Bg6 32. Kb2 c3+ 33. Kc1 cxd2+ 34. Kxd2 Kg7 35. Bxg6 Kxg6 36. Re5 Rd8+ 37. Kc1 Rd5 38. Rxd5 Nxd5 39. c4 Ne3 40. Kd2 Rc5 41. Rh1 0-1

[Event "Mindsports Blitz 4th"]
[Site "London"]
[Date "2024.07.23"]
[Round "7.7"]
[White "Dias, Savin"]
[Black "Malinovskii, Ilia"]
[Result "1-0"]
[WhiteElo "1872"]
[BlackElo "1978"]
[PlyCount "89"]
[EventDate "2024.07.23"]
[EventType "swiss (blitz)"]
[EventRounds "14"]
[EventCountry "ENG"]
[SourceTitle "BritBase"]
[Source "John Saunders"]
[SourceDate "2024.08.27"]
[SourceVersion "1"]
[SourceVersionDate "2024.08.27"]
[SourceQuality "1"]

1. e4 c5 2. Nf3 Nc6 3. Bb5 g6 4. O-O Bg7 5. Re1 e5 6. c3 Nge7 7. d3 a6 8. Ba4 O-O 9. Be3 d6 10. d4 cxd4 11. cxd4 Bg4 12. d5 Nd4 13. Bxd4 exd4 14. Nbd2 b5 15. Bb3 Qb6 16. h3 Bd7 17. Nf1 a5 18. a3 a4 19. Ba2 b4 20. axb4 Qxb4 21. b3 a3 22. N1d2 Bb5 23. Rc1 Rfc8 24. Nc4 Bxc4 25. bxc4 Qc5 26. Rb1 Rcb8 27. Qd3 Rb2 28. Re2 Rab8 29. Rexb2 Rxb2 30. Rxb2 axb2 31. Qb3 Qa7 32. Qxb2 d3 33. Qd2 Nc8 34. Bb1 Qa1 35. Qxd3 Nb6 36. Qb3 Nxc4 37. Qxc4 Qxb1+ 38. Kh2 h5 39. Qc8+ Kh7 40. Ng5+ Kh6 41. Nxf7+ Kh7 42. Ng5+ Kh6 43. h4 Be5+ 44. g3 Qc2 45. Qxc2 1-0